al-Mīkrūbāt fī khidmat al-insān / (Record no. 46249)

MARC details
000 -LEADER
fixed length control field 00737cam a22002531a 4500
001 - CONTROL NUMBER
control field ne 63001862
003 - CONTROL NUMBER IDENTIFIER
control field DLC
005 - DATE AND TIME OF LATEST TRANSACTION
control field 20260227111750.0
008 - FIXED-LENGTH DATA ELEMENTS--GENERAL INFORMATION
fixed length control field 920914s1962 ua a 000 0 ara
010 ## - LIBRARY OF CONGRESS CONTROL NUMBER
LC control number ne 63001862
035 ## - SYSTEM CONTROL NUMBER
System control number (OCoLC)26593676
040 ## - CATALOGING SOURCE
Original cataloging agency DLC
Transcribing agency MWalB
Modifying agency MWalB
-- DNAL
-- DLC
042 ## - AUTHENTICATION CODE
Authentication code premarc
050 00 - LIBRARY OF CONGRESS CALL NUMBER
Classification number QR56
Item number .M78
070 0# - NATIONAL AGRICULTURAL LIBRARY CALL NUMBER
Classification number QR56.M85
Item number 1962
072 00 - SUBJECT CATEGORY CODE
Subject category code Q120
-- R110
100 1# - MAIN ENTRY--PERSONAL NAME
Personal name Muḥammad, Muḥammad Abū al-Faḍl.
242 00 - TRANSLATION OF TITLE BY CATALOGING AGENCY
Title Microbs servicing man.
245 13 - TITLE STATEMENT
Title al-Mīkrūbāt fī khidmat al-insān /
Statement of responsibility, etc. taʼlīf Muḥammad Abū al-Faḍl Muḥammad.
250 ## - EDITION STATEMENT
Edition statement [al-Ṭabʻah al-ūlá
260 ## - PUBLICATION, DISTRIBUTION, ETC.
Place of publication, distribution, etc. al-Qāhirah,
Date of publication, distribution, etc. 1962].
300 ## - PHYSICAL DESCRIPTION
Extent 199 p. :
Other physical details ill. ;
Dimensions 20 cm.
650 #0 - SUBJECT ADDED ENTRY--TOPICAL TERM
Topical term or geographic name entry element Microbiology.

No items available.

Powered by Koha